Countries, US States, Capitals, Elements, 100 Most Common Words: Most Scrabble Points - Statistics

General Stats
  • This quiz has been taken 650 times
  • The average score is 17 of 40
Answer Stats
WORDS PTS ANSWER % Correct
5 50 Democratic Republic of the Congo
80%
1 30 Kazakhstan
72%
1 30 Kyrgyzstan
72%
4 33 Republic of the Congo
68%
4 26 Saint Kitts and Nevis
64%
5 39 Saint Vincent and the Grenadines
63%
1 25 Uzbekistan
63%
1 26 Zimbabwe
63%
1 34 Mozambique
61%
3 23 United Arab Emirates
61%
4 39 Federated States of Micronesia
59%
2 28 Dominican Republic
58%
3 35 Central African Republic
57%
3 23 Trinidad and Tobago
55%
1 28 Azerbaijan
51%
3 24 Antigua and Barbuda
50%
1 22 Luxembourg
47%
1 22 Luxembourg
47%
4 27 São Tomé and Príncipe
47%
2 23 New Zealand
46%
3 39 Bosnia and Herzegovina
44%
2 26 Mexico City
43%
2 26 Equatorial Guinea
41%
3 43 Sri Jayawardenapura Kotte
41%
1 24 Switzerland
40%
3 26 Bandar Seri Begawan
39%
2 23 New Mexico
36%
1 22 Zirconium
36%
2 35 Czech Republic
28%
2 25 New Hampshire
25%
1 34 Brazzaville
24%
2 22 New Jersey
23%
1 30 Reykjavík
23%
2 22 Kuwait City
19%
2 31 Jefferson City
16%
1 25 Ljubljana
15%
1 22 Swaziland
15%
2 26 Oklahoma City
14%
1 22 Praseodymium
7%
1 22 Bujumbura
5%
No matching quizzes found
Score Distribution
Percent of People with Each Score
Percentile by Number Answered
Your Score History
You have not taken this quiz